| 000 | 00605nam a2200193Ia 4500 | ||
|---|---|---|---|
| 008 | 241004s9999 xx 000 0 und d | ||
| 020 | _a9780367271831 | ||
| 037 | _aTextbook | ||
| 040 |
_aARTS _beng _cARTS |
||
| 041 |
_aeng _2eng |
||
| 084 |
_a4:(S) R1 _qARTS |
||
| 100 |
_aGreifeneder Rainer [et...al] Ed. _9724666 |
||
| 245 |
_aPsychology of fake news: accepting, sharing, and correcting misinformation _cGreifeneder Rainer [et...al] Ed. |
||
| 260 |
_aUK _bLondon Routledge _c2021 |
||
| 300 | _ax,239p. | ||
| 365 |
_aUKP _b34.99 |
||
| 942 |
_cTB _h4:(S) R1 |
||
| 999 |
_c1218814 _d1218814 |
||